Pokemon Evolutions Test Gen 8 - Statistics

General Stats
  • This quiz has been taken 27 times
  • The average score is 8 of 10
Answer Stats
Original Pokemon Name Evolved Pokemon Name % Correct
Carkol Coalossal
100%
Corvisquire Corviknight
100%
Galarian Corsola Cursola
100%
Blipbug Dottler
100%
Drakloak Dragapult
100%
Chewtle Drednaw
100%
Sobble Drizzile
100%
Wooloo Dubwool
100%
Snom Frosmoth
100%
Galarian Darumaka Galarian Darmanitan
100%
Galarian Zigzagoon Galarian Linoone
100%
Galarian Ponyta Galarian Rapidash
100%
Galarian Slowpoke Galarian Slowbro/Galarian Slowking
100%
Skwovet Greedent
100%
Morgrem Grimmsnarl
100%
Hatenna Hattrem
100%
Drizzile Inteleon
100%
Impidimp Morgrem
100%
Galarian Mr. Mime Mr. Rime
100%
Galarian Linoone Obstagoon
100%
Galarian Meowth Perrserker
100%
Sinistea Polteageist
100%
Scorbunny Raboot
100%
Thwackey Rillaboom
100%
Galarian Yamask Runerigus
100%
Grookey Thwackey
100%
Arrokuda Barraskewda
80%
Sizzlipede Centiskorch
80%
Hattrem Hatterene
80%
Rolycoly Carkol
67%
Raboot Cinderace
67%
Applin Flapple/Appletun
67%
Milcery Alcremie
50%
Galarian Koffing Galarian Weezing
50%
Cufant Copperajah
33%
Rookidee Corvisquire
33%
Dottler Orbeetle
33%
Yamper Boltund
0%
Dreepy Drakloak
0%
Gossifleur Eldegoss
0%
Clobbopus Grapploct
0%
Silicobra Sandaconda
0%
Galarian Farfetch'd Sirfetch'd
0%
Nickit Thievul
0%
Toxel Toxtricity
0%
No matching quizzes found
Score Distribution
Percent of People with Each Score
Percentile by Number Answered
Your Score History
You have not taken this quiz